| 000 | 00738cam a2200229 a 4500 | ||
|---|---|---|---|
| 001 | 000017952 | ||
| 005 | 20200929165307.0 | ||
| 008 | 931027s1989 cr 001 p spa d | ||
| 020 | _a9977232563 | ||
| 040 |
_aDO-SdBNP _bspa _cNhD _dPPiU _dDLC _dBNPHU |
||
| 082 |
_aCr861.44 _bA996v, 1989 |
||
| 100 | 1 |
_aAzofeifa, Isaac Felipe, _d1909-1997 _938928 |
|
| 245 | 1 | 0 |
_aVigilia en pie de muerte : _bpoesía / _cIsaac Felipe Azofeifa. |
| 250 | _a3a ed. | ||
| 260 |
_aSan José, Costa Rica : _bEditorial Costa Rica, _c1989. |
||
| 300 |
_a123 p. ; _c17 cm. |
||
| 650 | 4 |
_aPoesía costarrincense _938929 |
|
| 650 | 4 |
_aLiteratura costarricense _93332 |
|
| 650 | 4 |
_aVigilia _xPoesía _938930 |
|
| 910 | _aCatalogación por copia / LC | ||
| 049 | _aBNGR | ||
| 999 |
_c17476 _d17476 |
||